El laberinto social de la delincuencia: jóvenes adolescentes en la encrucijada (Registro nro. 2929)
[ vista simple ]
| 000 -Cabecera | |
|---|---|
| Campo de control de longitud fija | 00719aam a2200253 4500 |
| 005 - Fecha y hora de la última transacción | |
| Campo de control | 20260325193404.0 |
| 008 - Elementos de longitud fija--Información general | |
| Campo de control de longitud fija | 150618b2008 xxu||||| |||| 00| 0 spa d |
| 020 ## - International Standard Book Number | |
| Número Internacional Estándar del Libro (ISBN) | 9788498493405 |
| 041 ## - Idioma | |
| Código de idioma | Español |
| 082 ## - Clasificación Decimal Dewey | |
| Número de clasificación | 364.36 M844l |
| 100 ## - Entrada principal--Autor personal | |
| Nombre personal | Morete Mejias, Felipe |
| 9 (RLIN) | 25029 |
| 245 ## - Título propiamente dicho | |
| Título | El laberinto social de la delincuencia: jóvenes adolescentes en la encrucijada |
| 260 ## - Pie de imprenta | |
| Lugar de publicación, distribución, etc. | España |
| 260 ## - Pie de imprenta | |
| Nombre del editor, distribuidor, etc. | Dykinson |
| 260 ## - Pie de imprenta | |
| Fecha de publicación, distribución, etc. | 2008 |
| 300 ## - Descripción física | |
| Extensión | 240 páginas |
| 490 ## - Serie | |
| Título de la Serie | Investigación Criminal |
| 650 ## - Materia general | |
| Temática (materia general) | DELINCUENCIA JUVENIL |
| 650 ## - Materia general | |
| Temática (materia general) | TEORIAS SOCIOLÓGICAS |
| 650 ## - Materia general | |
| Temática (materia general) | CRIMINALIDAD JUVENIL |
| 650 ## - Materia general | |
| Temática (materia general) | TEORÍAS IDEOLÓGICAS |
| 650 ## - Materia general | |
| Temática (materia general) | RESPONSABILIDAD PENAL DE MENORES |
| 942 ## - Punto de acceso adicional KOHA | |
| Tipo de ítem KOHA | Libro |
| Fuente del sistema de clasificación o colocación | Dewey Decimal Classification |
| Signatura completa | Código de barras | Programa Académico | Tipo de ítem |
|---|---|---|---|
| 364.36 M844l | 16348 | Investigación Criminal | Libro |